<?xml version="1.0" encoding="UTF-8"?><?xml-stylesheet type="text/xsl" href="static/style.xsl"?><OAI-PMH xmlns="http://www.openarchives.org/OAI/2.0/" xmlns:xsi="http://www.w3.org/2001/XMLSchema-instance" xsi:schemaLocation="http://www.openarchives.org/OAI/2.0/ http://www.openarchives.org/OAI/2.0/OAI-PMH.xsd"><responseDate>2026-06-01T01:26:38Z</responseDate><request verb="GetRecord" identifier="oai:docta.ucm.es:20.500.14352/71332" metadataPrefix="marc">https://docta.ucm.es/rest/oai/request</request><GetRecord><record><header><identifier>oai:docta.ucm.es:20.500.14352/71332</identifier><datestamp>2024-07-17T16:29:24Z</datestamp><setSpec>com_20.500.14352_14</setSpec><setSpec>col_20.500.14352_15</setSpec></header><metadata><record xmlns="http://www.loc.gov/MARC21/slim" xmlns:dcterms="http://purl.org/dc/terms/" xmlns:xsi="http://www.w3.org/2001/XMLSchema-instance" xmlns:doc="http://www.lyncode.com/xoai" xsi:schemaLocation="http://www.loc.gov/MARC21/slim http://www.loc.gov/standards/marcxml/schema/MARC21slim.xsd">
   <leader>00925njm 22002777a 4500</leader>
   <datafield ind2=" " ind1=" " tag="042">
      <subfield code="a">dc</subfield>
   </datafield>
   <datafield ind2=" " ind1=" " tag="720">
      <subfield code="a">Carro Rodríguez, Patricia María</subfield>
      <subfield code="e">author</subfield>
   </datafield>
   <datafield ind2=" " ind1=" " tag="720">
      <subfield code="a">López Guerrero, Paloma</subfield>
      <subfield code="e">author</subfield>
   </datafield>
   <datafield ind2=" " ind1=" " tag="720">
      <subfield code="a">Álvarez Sierra, María De Los Ángeles</subfield>
      <subfield code="e">author</subfield>
   </datafield>
   <datafield ind2=" " ind1=" " tag="720">
      <subfield code="a">Oliver, Adriana</subfield>
      <subfield code="e">author</subfield>
   </datafield>
   <datafield ind2=" " ind1=" " tag="720">
      <subfield code="a">Peláez-Campomanes de Labra, Pablo</subfield>
      <subfield code="e">author</subfield>
   </datafield>
   <datafield ind2=" " ind1=" " tag="260">
      <subfield code="c">2022</subfield>
   </datafield>
   <datafield ind2=" " ind1=" " tag="520">
      <subfield code="a">El Cerro de los Batallones is one of the most important fossil sites of the Miocene. The quantity and preservation of its fossil remains have allowed us to describe many new mammal species. One of these is Hispanomys moralesi, a derived species of the Tribe Cricetodontini, a wide group of rodents with great importance in the faunal assemblage during the Miocene. Unlike most fossil micromammals in this fossil site, we have obtained skull remains that preserve never recorded anatomical structures in this time interval. Due to the fragility of the material, it could only be studied in detail using X-ray micro-computed tomography (µ-CT Scan). With this technique, we obtained three-dimensional models of 12 skulls of Hispanomys moralesi, in which different osteological parts have been described. In this way, we compared the morphological variation of the skull with other fossil cricetids and concluded that Batallones’ species is an opisthodont rodent, with a relatively elongated rostrum, a robust base of zygomatic arches and big-sized tooth rows. Opisthodont incisor characterises omnivore and herbivore diets in rodents. Therefore, these new findings of Hispanomys moralesi could allow us to describe the dietary affinities of this extinct species.</subfield>
   </datafield>
   <datafield ind1="8" ind2=" " tag="024">
      <subfield code="a">0891-2963, ESSN: 1029-2381</subfield>
   </datafield>
   <datafield ind1="8" ind2=" " tag="024">
      <subfield code="a">10.1080/08912963.2022.2029430</subfield>
   </datafield>
   <datafield ind1="8" ind2=" " tag="024">
      <subfield code="a">https://hdl.handle.net/20.500.14352/71332</subfield>
   </datafield>
   <datafield ind1="8" ind2=" " tag="024">
      <subfield code="a">https://doi.org/10.1080/08912963.2022.2029430</subfield>
   </datafield>
   <datafield ind2="0" ind1="0" tag="245">
      <subfield code="a">Virtual cranial reconstruction of Hispanomys moralesi (Rodentia, Mammalia) from Cerro de los Batallones (upper Miocene, Spain)</subfield>
   </datafield>
</record></metadata></record></GetRecord></OAI-PMH>